| 000 | 00731nam a2200229 i 4500 | ||
|---|---|---|---|
| 001 | 84931 | ||
| 003 | ES-MaACL | ||
| 005 | 20250804042958.0 | ||
| 007 | t| | ||
| 008 | 041124s1982 sp ||||1| spa d | ||
| 100 | 1 |
_aJoly, Maurice. _966812 |
|
| 245 | 1 | 0 |
_aDiálogo en el infierno entre Maquiavelo y Montesquieu / _cMaurice Joly ; prefacio de Fernando Savater ; traducido del francés por Matilde Horne. |
| 250 | _a[2ª ed.]. | ||
| 260 |
_a[Barcelona] : _bMuchnik, _c[1982] |
||
| 300 |
_aXXXI, 260 p. ; _c22 cm. |
||
| 490 | 1 | _aArchivos | |
| 700 | 1 |
_aSavater, Fernando, _d1947- _9104053 |
|
| 700 | 1 |
_aHorne, Matilde. _964218 |
|
| 830 | 0 |
_aArchivos _9183847 |
|
| 852 |
_aES-MaACL _jL-7639 _bR.107474 |
||
| 999 |
_c84931 _d84931 |
||